Australian signpost : (Record no. 17903)
[ view plain ]
| 000 -LEADER | |
|---|---|
| fixed length control field | 00752nam a22002411 4500 |
| 001 - CONTROL NUMBER | |
| control field | 17903 |
| 003 - CONTROL NUMBER IDENTIFIER | |
| rucl marc code | BD-RjUL |
| 005 - DATE AND TIME OF LATEST TRANSACTION | |
| control field | 20211209000217.0 |
| 008 - FIXED-LENGTH DATA ELEMENTS--GENERAL INFORMATION | |
| fixed length control field | 140219s1956 at a 000 1 eng |
| 035 ## - SYSTEM CONTROL NUMBER | |
| System control number | (BD-RjUL)17961 |
| System control number | (OCoLC)3040106 |
| 040 ## - CATALOGING SOURCE | |
| Original cataloging agency | DLC |
| Transcribing agency | ScU |
| Modifying agency | ScU |
| -- | Uk |
| -- | DLC |
| -- | BD-RjUL |
| Language of cataloging | eng |
| 041 ## - LANGUAGE CODE | |
| Language code of text/sound track or separate title | eng |
| 082 ## - DEWEY DECIMAL CLASSIFICATION NUMBER | |
| Classification number | 820.82 |
| Author mark and year | AUS 1956 |
| 245 10 - TITLE STATEMENT | |
| Title | Australian signpost : |
| Remainder of title | an anthology |
| Statement of responsibility, etc. | edited for the Canberra Fellowship of Australian Writers. |
| 260 ## - PUBLICATION, DISTRIBUTION, ETC. (IMPRINT) | |
| Place of publication, distribution, etc. | Melbourne : |
| Name of publisher, distributor, etc. | F. W. Cheshire, |
| Date of publication, distribution, etc. | 1956. |
| 300 ## - PHYSICAL DESCRIPTION | |
| Pagination | xi, 308 p. : |
| Illustrations | ill. ; |
| Size | 22 cm. |
| 650 #0 - SUBJECT ADDED ENTRY--TOPICAL TERM | |
| Topical term or geographic name as entry element | Australian literature |
| Chronological subdivision | 20th century |
| 9 (RLIN) | 55228 |
| 700 1# - ADDED ENTRY--PERSONAL NAME | |
| Personal name | Hungerford, T. A. G. |
| Fuller form of name | (Thomas Arthur Guy) |
| 942 ## - ADDED ENTRY ELEMENTS (KOHA) | |
| Source of classification or shelving scheme | Dewey Decimal Classification |
| Koha item type | Books |
| Lost status | Source of classification or shelving scheme | Damaged status | Not for loan | Collection code | Permanent Location | Current Location | Shelving location | Date acquired | Source of acquisition | Total Checkouts | Full call number | Date last seen | Copy number | Koha item type |
|---|---|---|---|---|---|---|---|---|---|---|---|---|---|---|
| Dewey Decimal Classification | Not For Loan | Fiction | Central Library, University of Rajshahi | Central Library, University of Rajshahi | Reading Room | 18/03/1959 | Colomboplan | 820.82 AUS 1956 | 19/02/2014 | C-1 | Books |